000 00521nam a2200181Ia 4500
003 IN-BaIIA
008 211028s9999 xx 000 0 eng d
020 _a0-13-672411-6
040 _cIIA Library
080 _a53
_bGIA
100 _aGiancoli, Douglas C.
_922843
245 0 _aPhysics
_bprinciples with applications
_cDouglas C. Giancoli
250 _a5th ed.
260 _aNew Jersey
_bPrentice-Hall
_c1998
300 _axxiii, 1096p.
650 _aPhysics
_973
942 _cBK
999 _c13006
_d13006